Evaluación y análisis comparativo de los métodos de estimación de costos de mano de obra

Salvato in:
Dettagli Bibliografici
Autore principale: Alfaro Alpízar, Alexánder
Natura: Libro
Pubblicazione: [San José, Costa Rica] 2008
Soggetti:
Tags: Aggiungi Tag
Nessun Tag, puoi essere il primo ad aggiungerne!!

MARC

LEADER 00000nam a2200000Ia 4500
003 001120
005 20221231144100.0
008 140114s2008 cr a 000 ||s d
040 |c cru CEDI  
090 |a TFG 5645 
100 |a Alfaro Alpízar, Alexánder  |9 4365 
245 |a  Evaluación y análisis comparativo de los métodos de estimación de costos de mano de obra 
260 |c 2008  |b [San José, Costa Rica] 
300 |a ix, 123, [67] hojas; ilustraciones a color 
500 |a Tesis (licenciatura en ingeniería civil)--Universidad de Costa Rica. Facultad de Ingeniería. Escuela de Ingeniería Civil 
650 |x COSTO DE MANO DE OBRA  |x  CONSTRUCCION   |x PRESUPUESTOS   |x  INDUSTRIA DE LA CONSTRUCCION  |x SALARIOS, PENSIONES, ETC.   |x  EVALUACION   |9 4366 
942 |c TFG 
999 |c 16616  |d 16616